000 00375nam a2200145Ia 4500
008 151213s9999 xx 000 0 und d
100 _aE.E.Kellett
245 _aA Short History Of Religions
_cE.E.Kellett
260 _aLondon
_bPenguing
_c1962
300 _a8382 p.
650 _aEnglish Literature
650 _aEnglish Literature
700 _aE.E.Kellett
999 _c4220
_d4220